| 000 | 00787nam a2200217Ia 4500 | ||
|---|---|---|---|
| 999 |
_c41260 _d41260 |
||
| 001 | 7913 | ||
| 003 | GE_BSU | ||
| 005 | 20220930141057.0 | ||
| 008 | 181216sru 2012xx |||||||||||||| ||rus|| | ||
| 020 | _a9785991618687 | ||
| 040 | _cGE_BSU | ||
| 041 | _arus | ||
| 080 | _a54+546(076) О-28 | ||
| 245 |
_aОбщая и неорганическая химия : _bЛабораторный практикум / _cСофья Бабкина и др, |
||
| 264 |
_aМосква : _bЮрайт, _c2012. |
||
| 300 |
_a481 стр. _c22 см. |
||
| 653 | _aОбщая и неорганическая химия | ||
| 653 | _aზოგადი და არაორგანული ქიმია | ||
| 700 |
_aБабкина,Софья и др _eავტორი _914926 |
||
| 942 |
_cBK _2udc |
||